000 00845nas a2200277 4500
001 BR9606499
003 BR-BrBNA
005 20231205095848.0
007 ta
008 230509b bl.|||p| |||| 00| 00por d
040 _aBR-BrBNA
_bpor
_cBiblioteca Nacional de Agricultura
041 _a(Pt)
072 _aL73; L70
100 1 _aMarins, J.R.
100 1 _aCorrea, B.L.
100 1 _aCereser, V.H.
245 1 _aEstudo comparativo entre as provas de Elisa e imunofluorescencia indireta (IFI)para detectar anticorpos contra Babesia bovis
650 _aBovino
650 _aBabesiose
650 _aImunofluorescencia
650 _aAnticorpo
650 _aSoro
773 0 _tCiencia Rural (Brazil)
_xISSN 0103-8478
_g(Jan-Apr 1996), v. 26(1) p. 115-118
_wBR9606499
909 _a202311
_bLúcia
_c55
_dLúcia Elande
942 _2AGRIS
_n0
_cANA
999 _c153144
_d153144